Ngôn ngữ thơ
Nghiên cứu về ngôn ngữ thơ một cách cụ thể có so sánh....
Đã lưu trong:
| Hovedforfatter: | |
|---|---|
| Format: | Bog |
| Sprog: | Vietnamese |
| Udgivet: |
H.
Nxb Văn hóa thông tin
2001
|
| Fag: | |
| Tags: |
Tilføj Tag
Ingen Tags, Vær først til at tagge denne postø!
|
| Thư viện lưu trữ: | Mạng thư viện Đại học Đà Nẵng |
|---|
| LEADER | 01144nam a2200337 4500 | ||
|---|---|---|---|
| 001 | 000007852 | ||
| 003 | 4022 | ||
| 005 | 20111017091015.0 | ||
| 008 | 111012s2001 viesd | ||
| 020 | |c 25500 | ||
| 041 | 0 | |a vie | |
| 082 | |a 808.1 |b NG-C | ||
| 100 | 0 | |a Nguyễn Phan Cảnh |e Tác giả | |
| 245 | 0 | |a Ngôn ngữ thơ |c Nguyễn Phan Cảnh tác giả | |
| 260 | |a H. |b Nxb Văn hóa thông tin |c 2001 | ||
| 300 | |a 275 tr. Hình vẽ; bảng |c 19 cm | ||
| 520 | |a Nghiên cứu về ngôn ngữ thơ một cách cụ thể có so sánh.... | ||
| 653 | |a Sách nghiên cứu | ||
| 653 | |a Ngôn ngữ thơ | ||
| 700 | |a Nguyễn Phan Cảnh |e tác giả | ||
| 910 | |a duyên | ||
| OWN | |a LSP | ||
| AVA | |a UDN50 |b LSP |d 808.1 NG-C |e available |t Error 5001 Not defined in file expand_doc_bib_avail. |f 5 |g 0 |h N |i 0 |k 1 | ||
| 999 | |a From the UDN01 | ||
| AVA | |a UDN50 |b LSP |d 808.1 NG-C |e available |t Error 5001 Not defined in file expand_doc_bib_avail. |f 5 |g 0 |h N |i 0 |k 1 | ||
| TYP | |a Monograph | ||
| TYP | |a Printed language | ||
| 980 | |a Mạng thư viện Đại học Đà Nẵng | ||